Statistics for Every Hamilton, Joe Frank & Reynolds song that hit the Billboard hot 100

Click here to take the quiz!

General Stats

  • This quiz has been taken 3 times
  • The average score is 2 of 6

Answer Stats

Peak Chart PositionYearSong% Correct
41971Don't Pull Your Love
67%
11975Fallin' In Love
67%
621976Everyday Without You
33%
461971Annabella
0%
411972Daisy Mae
0%
211976Winners And Losers
0%

Score Distribution

Percentile by Number Answered

Percent of People with Each Score

Your Score History

You have not taken this quiz